| 000 | 00506nam a22001577a 4500 | ||
|---|---|---|---|
| 008 | 160521b xxu||||| |||| 00| 0 eng d | ||
| 020 | _a9715640559 | ||
| 082 |
_22003 _aDFil 378 _bE8 |
||
| 245 |
_aEducation & globalization/ _cedited by Tereso S. Tullao. |
||
| 260 |
_aMakati City: _bPhilippine APEC Study Center Network, _cc2003. |
||
| 300 |
_axv,335 pages: _billustrations; _c23 cm. |
||
| 650 | 0 |
_98663 _aEducation |
|
| 700 |
_98664 _aTullao, Tereso S. _eEditor |
||
| 365 |
_b545.00 _cPhp |
||
| 942 |
_2ddc _cDFIL |
||
| 999 |
_c2624 _d2624 |
||